[Event "CRO Cup"]
[Site "Mali Losinj"]
[Date "2017.05.12"]
[Round "4.11"]
[White "Tretinjak, Dario"]
[Black "Sesar, Ante"]
[Result "1-0"]
[WhiteElo "1818"]
[BlackElo "1630"]
[PlyCount "71"]
[EventDate "2017.05.10"]
[EventType "team-swiss"]
[EventRounds "6"]
[EventCountry "CRO"]
[SourceTitle "CBM 178 Extra"]
[Source "ChessBase"]
[SourceDate "2017.06.22"]
[SourceVersion "1"]
[SourceVersionDate "2017.06.22"]
[SourceQuality "1"]
[WhiteTeam "Zabok Polet"]
[BlackTeam "Osijek"]
[WhiteTeamCountry "CRO"]
[BlackTeamCountry "CRO"]

1. d4 c6 2. c4 d6 3. e4 Nd7 4. Nc3 g6 5. Nf3 Bg7 6. Be2 Qc7 7. Be3 Ngf6 8. h3 0-0 9. 0-0 e5 10. dxe5 dxe5 11. Qc2 Re8 12. Rad1 b6 13. b4 Nf8 14. c5 b5 15. Rd2 Ne6 16. Rfd1 Bf8 17. Bf1 a5 18. a3 axb4 19. axb4 Nh5 20. g3 Ra3 21. Qb2 Ra8 22. Bg2 Rd8 23. Rxd8 Nxd8 24. Kh2 h6 25. Qd2 Be6 26. Bxh6 Bxh6 27. Qxh6 Nf6 28. Qg5 Nh7 29. Qxe5 Qe7 30. Nd4 Ra3 31. Nxe6 Nxe6 32. Ne2 Ra2 33. Nd4 Rxf2 34. Nxc6 Qe8 35. Rd8 Qxd8 36. Nxd8 1-0

[Event "CRO-chT2 Ost"]
[Site "Croatia"]
[Date "2016.04.16"]
[Round "2.56"]
[White "Sesar, Ante"]
[Black "Popov, Radmila"]
[Result "0-1"]
[WhiteElo "1678"]
[BlackElo "1918"]
[PlyCount "122"]
[EventDate "2016.04.16"]
[EventType "team-tourn"]
[EventRounds "11"]
[EventCountry "CRO"]
[SourceTitle "EXT 2019"]
[Source "ChessBase"]
[SourceDate "2018.10.10"]
[SourceVersion "1"]
[SourceVersionDate "2018.10.10"]
[SourceQuality "1"]

1. d4 d5 2. Nf3 h6 3. Nc3 c6 4. Bf4 Bf5 5. e3 Nd7 6. Be2 Ngf6 7. h3 e6 8. 0-0 Be7 9. a3 a6 10. Bd3 Bxd3 11. Qxd3 c5 12. b3 b5 13. Rfe1 c4 14. bxc4 dxc4 15. Qe2 0-0 16. Ne5 Rc8 17. Qf3 Nxe5 18. Bxe5 Nd7 19. Bg3 Nf6 20. Ne2 Qd5 21. Qxd5 Nxd5 22. e4 Nb6 23. c3 Na4 24. Reb1 f5 25. e5 Bd8 26. Ra2 Ba5 27. Rc2 Nb6 28. Nf4 Rce8 29. Rd1 Na4 30. Rdc1 Nb6 31. Rb1 Nd5 32. Nxd5 exd5 33. f4 g5 34. Rd1 Re6 35. fxg5 f4 36. Bh4 f3 37. g4 hxg5 38. Bg3 Bb6 39. Rf1 a5 40. Rcf2 b4 41. Rxf3 Rxf3 42. Rxf3 bxc3 43. Rf1 Bxd4+ 44. Kg2 Be3 45. Kf3 d4 46. Ke4 c2 47. Kd5 Rb6 48. e6 Rxe6 49. Kxe6 d3 50. Bd6 Bf4 51. Bxf4 gxf4 52. Rxf4 c1Q 53. Rf5 c3 54. Rd5 Qe3+ 55. Kf6 Qb6+ 56. Ke7 d2 57. Rg5+ Kh7 58. h4 Qe3+ 59. Kf7 Qf4+ 60. Ke6 Qxg5 61. hxg5 Kg6 0-1

[Event "CRO-chT2 Ost"]
[Site "Croatia"]
[Date "2015.10.25"]
[Round "11.46"]
[White "Sesar, Ante"]
[Black "Cerni, Andrija"]
[Result "1/2-1/2"]
[WhiteElo "1697"]
[BlackElo "1773"]
[PlyCount "64"]
[EventDate "2015.04.25"]
[EventType "team-tourn"]
[EventRounds "11"]
[EventCountry "CRO"]
[SourceTitle "EXT 2016"]
[Source "ChessBase"]
[SourceDate "2015.10.08"]
[SourceVersion "1"]
[SourceVersionDate "2015.10.08"]
[SourceQuality "1"]

1. d4 e6 2. Nf3 b6 3. g3 Bb7 4. Bg2 Nc6 5. e3 d5 6. 0-0 Bd6 7. Re1 Qd7 8. e4 dxe4 9. Rxe4 Nf6 10. Re1 0-0-0 11. Bg5 h6 12. Bxf6 gxf6 13. Nbd2 f5 14. Rc1 Ne7 15. a3 f6 16. Bf1 Kb8 17. Nc4 f4 18. Nxd6 Qxd6 19. Bg2 e5 20. dxe5 Qxd1 21. Rcxd1 Rxd1 22. Rxd1 Bxf3 23. Bxf3 fxe5 24. Re1 fxg3 25. hxg3 Ng6 26. Be4 Rg8 27. Bxg6 Rxg6 28. Rxe5 Rd6 29. Rh5 a5 30. c4 Rd4 31. Rxh6 Rxc4 32. Kf1 Re4 1/2-1/2

[Event "CRO-CupT final"]
[Site "Sibenik"]
[Date "2015.05.22"]
[Round "4.13"]
[White "Zubak, Zeljko"]
[Black "Sesar, Ante"]
[Result "1-0"]
[WhiteElo "2014"]
[BlackElo "1695"]
[PlyCount "85"]
[EventDate "2015.05.20"]
[EventType "team-swiss"]
[EventRounds "6"]
[EventCountry "CRO"]
[SourceTitle "CBM 166 Extra"]
[Source "ChessBase"]
[SourceDate "2015.06.18"]
[SourceVersion "1"]
[SourceVersionDate "2015.06.18"]
[SourceQuality "1"]
[WhiteTeam "Nasice Slavonac"]
[BlackTeam "Osijek ETF"]
[WhiteTeamCountry "CRO"]
[BlackTeamCountry "CRO"]

1. d4 c6 2. c4 d6 3. Nc3 Nd7 4. e4 e5 5. Nf3 Be7 6. Be2 Ngf6 7. 0-0 0-0 8. h3 h6 9. Qc2 Nh7 10. Rd1 Bg5 11. dxe5 dxe5 12. Nxe5 Qe7 13. Nf3 Re8 14. a3 Nc5 15. Nxg5 Nxg5 16. f3 Be6 17. b4 Nd7 18. f4 Nxh3+ 19. gxh3 Bxh3 20. Bf3 Nf6 21. Qh2 Be6 22. e5 Nd7 23. Ne4 Bxc4 24. Nd6 Nb6 25. Nxe8 Rxe8 26. Be3 Nc8 27. Rac1 Bb3 28. Rd3 Ba4 29. Bc5 Qe6 30. Qg3 b6 31. Be3 Bb5 32. Rdc3 Ne7 33. Qg2 Rc8 34. Bg4 Nf5 35. Qh3 g6 36. Rd1 h5 37. Bxf5 gxf5 38. Qxh5 Qa2 39. Qxf5 Re8 40. Qg5+ Kf8 41. Qh6+ Kg8 42. Bf2 Qe2 43. Rg3+ 1-0

[Event "CRO-chT2 Ost"]
[Site "Croatia"]
[Date "2015.04.26"]
[Round "3.26"]
[White "Lukic, Milutin"]
[Black "Sesar, Ante"]
[Result "1-0"]
[WhiteElo "1952"]
[BlackElo "1740"]
[PlyCount "35"]
[EventDate "2015.04.25"]
[EventType "team-tourn"]
[EventRounds "11"]
[EventCountry "CRO"]
[SourceTitle "EXT 2016"]
[Source "ChessBase"]
[SourceDate "2015.10.08"]
[SourceVersion "1"]
[SourceVersionDate "2015.10.08"]
[SourceQuality "1"]

1. d4 d6 2. c3 Nd7 3. Bf4 e5 4. dxe5 dxe5 5. Bg3 Be7 6. e3 Ngf6 7. Bd3 0-0 8. Qc2 Nc5 9. Be2 Bd6 10. Nd2 Re8 11. Rd1 Qe7 12. Nc4 Nfd7 13. Nxd6 cxd6 14. Qd2 Ne4 15. Qd5 Kh8 16. Qxe4 Nc5 17. Qc2 Be6 18. Nf3 1-0

[Event "Osijek op"]
[Site "Osijek"]
[Date "2015.03.05"]
[Round "2"]
[White "Ascic, Jozo"]
[Black "Sesar, Ante"]
[Result "1-0"]
[WhiteElo "1926"]
[BlackElo "1740"]
[PlyCount "73"]
[EventDate "2015.03.05"]
[EventType "swiss"]
[EventRounds "7"]
[EventCountry "CRO"]
[SourceTitle "CBM 165 Extra"]
[Source "ChessBase"]
[SourceDate "2015.04.21"]
[SourceVersion "1"]
[SourceVersionDate "2015.04.21"]
[SourceQuality "1"]

1. Nf3 d6 2. d4 Bf5 3. c4 Nd7 4. Nc3 c6 5. e4 Bg4 6. Be2 Bxf3 7. Bxf3 e5 8. d5 a6 9. a4 Ngf6 10. 0-0 Be7 11. dxc6 bxc6 12. Rb1 0-0 13. b4 Rc8 14. Qe2 Nb8 15. Rd1 Qc7 16. Bb2 Rfd8 17. h3 Re8 18. b5 a5 19. Rbc1 Nbd7 20. Ba3 Rcd8 21. Rc2 Nb6 22. Qd3 c5 23. Bc1 h6 24. Ra2 Nh7 25. Nd5 Nxd5 26. Qxd5 Qb6 27. Bh5 Rf8 28. Qd3 Nf6 29. Be2 Rd7 30. f4 Rfd8 31. Bf3 exf4 32. Bxf4 d5 33. exd5 Bd6 34. Bxd6 Rxd6 35. Re2 Qa7 36. Rde1 Nxd5 37. Re8+ 1-0

[Event "Osijek-ch op"]
[Site "Osijek"]
[Date "2014.02.22"]
[Round "6"]
[White "Kroo, Ivica"]
[Black "Sesar, Ante"]
[Result "0-1"]
[WhiteElo "1748"]
[BlackElo "1782"]
[PlyCount "92"]
[EventDate "2014.02.20"]
[EventType "swiss"]
[EventRounds "7"]
[EventCountry "CRO"]
[SourceTitle "CBM 159 Extra"]
[Source "ChessBase"]
[SourceDate "2014.04.24"]
[SourceVersion "1"]
[SourceVersionDate "2014.04.24"]
[SourceQuality "1"]

1. e4 c5 2. Nf3 Nc6 3. c3 g6 4. d4 cxd4 5. Nxd4 Bg7 6. Nxc6 bxc6 7. Bc4 Bb7 8. 0-0 d5 9. exd5 cxd5 10. Bb5+ Kf8 11. Be3 a6 12. Ba4 Rc8 13. Re1 Qd6 14. Nd2 h5 15. Nf3 Nh6 16. Bd4 f6 17. h3 e5 18. Be3 Nf5 19. Bc2 e4 20. Nd4 Nxe3 21. Rxe3 f5 22. f4 Bxd4 23. Qxd4 Kf7 24. Rf1 Rhe8 25. Bb3 Re7 26. Kh2 Rec7 27. h4 a5 28. a3 Rd8 29. g3 Ba6 30. Rd1 Bd3 31. Rc1 Rb7 32. Ba4 Rxb2+ 33. Kg1 Rc8 34. Qa7+ Qc7 35. Qd4 Qc5 36. Qxc5 Rxc5 37. Ree1 Ra2 38. Ra1 Rxa1 39. Rxa1 Rxc3 40. Ra2 Bc4 41. Rb2 Rxg3+ 42. Kf2 Rxa3 43. Rb7+ Kg8 44. Be8 e3+ 45. Kf3 e2+ 46. Kf2 Ra1 0-1

[Event "CRO-chT1B 20th"]
[Site "Sibenik"]
[Date "2011.10.11"]
[Round "8.5"]
[White "Sesar, Ante"]
[Black "Smith, Bryan G"]
[Result "0-1"]
[WhiteElo "1766"]
[BlackElo "2497"]
[PlyCount "68"]
[EventDate "2011.10.04"]
[EventType "team-tourn"]
[EventRounds "9"]
[EventCountry "CRO"]
[SourceTitle "CBM 144 Extra"]
[Source "ChessBase"]
[SourceDate "2011.10.28"]
[SourceVersion "1"]
[SourceVersionDate "2011.10.28"]
[SourceQuality "1"]
[WhiteTeam "Ernestinovo"]
[BlackTeam "Pula"]
[WhiteTeamCountry "CRO"]
[BlackTeamCountry "CRO"]

1. d4 Nf6 2. Bf4 c5 3. e3 g6 4. Nf3 Bg7 5. Nbd2 cxd4 6. exd4 0-0 7. Bd3 Nc6 8. c3 d6 9. 0-0 e5 10. Bg5 Qc7 11. Re1 b6 12. Bc2 Bb7 13. Bxf6 Bxf6 14. d5 Ne7 15. c4 Bg7 16. Rb1 a5 17. b3 h6 18. Qe2 f5 19. h3 e4 20. Nh2 Rae8 21. g4 Nxd5 22. Nxe4 Nf4 23. Nf6+ Bxf6 24. Qxe8 Rxe8 25. Rxe8+ Kf7 26. Rbe1 Qc6 27. f3 Qc5+ 28. R8e3 Bd4 29. Nf1 Nxh3+ 30. Kg2 Bxe3 31. Nxe3 Ng5 32. gxf5 Nxf3 33. fxg6+ Kg8 34. Re2 Qg5+ 0-1

[Event "CRO-chT1B 20th"]
[Site "Sibenik"]
[Date "2011.10.09"]
[Round "6.4"]
[White "Sesar, Ante"]
[Black "Horvath, Csaba"]
[Result "0-1"]
[WhiteElo "1766"]
[BlackElo "2517"]
[PlyCount "34"]
[EventDate "2011.10.04"]
[EventType "team-tourn"]
[EventRounds "9"]
[EventCountry "CRO"]
[SourceTitle "CBM 144 Extra"]
[Source "ChessBase"]
[SourceDate "2011.10.28"]
[SourceVersion "1"]
[SourceVersionDate "2011.10.28"]
[SourceQuality "1"]
[WhiteTeam "Ernestinovo"]
[BlackTeam "Pozega"]
[WhiteTeamCountry "CRO"]
[BlackTeamCountry "CRO"]

1. d4 Nf6 2. Bf4 c5 3. e3 Qb6 4. b3 g6 5. Nf3 Bg7 6. c3 0-0 7. Bd3 d6 8. 0-0 Nc6 9. Nbd2 Nd5 10. Qc2 cxd4 11. Nc4 Qc7 12. Rac1 Nxf4 13. exf4 dxc3 14. Rfe1 Bg4 15. Be2 Nb4 16. Qe4 Bf5 17. Qxe7 Qxe7 0-1

[Event "CRO-chT1B 20th"]
[Site "Sibenik"]
[Date "2011.10.04"]
[Round "1.5"]
[White "Plenca, Julian"]
[Black "Sesar, Ante"]
[Result "1-0"]
[WhiteElo "2334"]
[BlackElo "1766"]
[PlyCount "39"]
[EventDate "2011.10.04"]
[EventType "team-tourn"]
[EventRounds "9"]
[EventCountry "CRO"]
[SourceTitle "CBM 144 Extra"]
[Source "ChessBase"]
[SourceDate "2011.10.28"]
[SourceVersion "1"]
[SourceVersionDate "2011.10.28"]
[SourceQuality "1"]
[WhiteTeam "Rijeka II"]
[BlackTeam "Ernestinovo"]
[WhiteTeamCountry "CRO"]
[BlackTeamCountry "CRO"]

1. e4 d6 2. d4 e6 3. Nc3 Nd7 4. Be3 c6 5. f4 g6 6. Qf3 Ne7 7. 0-0-0 Bg7 8. Nge2 Qa5 9. d5 cxd5 10. exd5 exd5 11. Bd4 0-0 12. Bxg7 Kxg7 13. Nd4 a6 14. g4 Nf6 15. f5 Bd7 16. g5 Ne4 17. f6+ Kg8 18. fxe7 Rfe8 19. Nb3 Qc7 20. Nxd5 1-0

[Event "CRO-Cup 18th"]
[Site "Sibenik"]
[Date "2009.05.24"]
[Round "5"]
[White "Sesar, Ante"]
[Black "Truscek, Dubravko"]
[Result "1/2-1/2"]
[WhiteElo "1795"]
[BlackElo "1823"]
[PlyCount "24"]
[EventDate "2009.05.20"]
[EventType "team-tourn"]
[EventRounds "5"]
[EventCountry "CRO"]
[SourceTitle "CBM 130 Extra"]
[Source "ChessBase"]
[SourceDate "2009.07.02"]
[SourceVersion "2"]
[SourceVersionDate "2009.07.15"]
[SourceQuality "1"]

1. d4 e6 2. Bf4 b6 3. Nf3 Bb7 4. e3 h6 5. Be2 Be7 6. 0-0 Nf6 7. Nbd2 0-0 8. c3 d5 9. Ne5 Nbd7 10. Ndf3 Nxe5 11. Nxe5 Nd7 12. Rc1 Nxe5 1/2-1/2

[Event "CRO-Cup 18th"]
[Site "Sibenik"]
[Date "2009.05.20"]
[Round "1"]
[White "Sesar, Ante"]
[Black "Zovko, Mario"]
[Result "0-1"]
[WhiteElo "1795"]
[BlackElo "2179"]
[PlyCount "72"]
[EventDate "2009.05.20"]
[EventType "team-tourn"]
[EventRounds "5"]
[EventCountry "CRO"]
[SourceTitle "CBM 130 Extra"]
[Source "ChessBase"]
[SourceDate "2009.07.02"]
[SourceVersion "2"]
[SourceVersionDate "2009.07.15"]
[SourceQuality "1"]

1. d4 Nf6 2. Bf4 d6 3. e3 g6 4. Nf3 Bg7 5. Nbd2 0-0 6. Be2 Nbd7 7. c3 Re8 8. Bc4 c6 9. 0-0 h6 10. Qc2 Nf8 11. Rfe1 Nh5 12. Bg3 Nxg3 13. fxg3 e5 14. dxe5 dxe5 15. Rad1 Qc7 16. Rf1 Be6 17. Bxe6 Nxe6 18. Ne4 Rad8 19. Rxd8 Rxd8 20. Rd1 f5 21. Rxd8+ Qxd8 22. Nf2 e4 23. Nh4 Kh7 24. Qd1 Qxd1+ 25. Nxd1 Bf6 26. h3 Ng7 27. Nf2 g5 28. Nxf5 Nxf5 29. Nxe4 Be7 30. Kf2 Kg6 31. Kf3 b6 32. Nd2 Nd6 33. e4 Kf6 34. Kg4 Kg6 35. e5 Nf7 36. Nf3 h5# 0-1